000 00701nam a22002057a 4500
005 20251108173434.0
008 250721s1998 xx 000 0 ara d
082 1 4 _aط/219.4/عرف
100 1 _aأبو عرفة، عبد الرحمن
245 1 0 _aآمنة بنت وهب /
264 1 _aعمان :
_bدار الإسراء للنشر والتوزيع،
_c1998.
300 _a16ص
490 0 _aسلسة السيرة النبوية الشريفة :طريف الهدي و النور
_v3
650 1 7 _aالسيرة النبوية
650 1 7 _aآل البيت
653 _aآمنة بنت وهب
653 _aمرحله متوسطه (6-9 سنوات )
942 _2ddc
_cBK
999 _c103918
_d103918